Cinema do Quebeque, anos 80 (Registo nº 201064)

Detalhes MARC
000 -Etiqueta do registo
Valores 00474nam 22001693 4500
100 ## - Dados gerais de processamento
Dados gerais 20260309d u||y0pory50 ba
200 ## - Titulo e menção de responsabilidade
Título próprio Cinema do Quebeque, anos 80
Primeira menção de responsabilidade Cinemateca Portuguesa 1985
210 ## - Publicação
Local de publicação Lisboa
Nome do editor Cinemateca Portuguesa
Data de publicação [19??]
215 ## - Descrição física 
Paginação / Volumes 42 p.
Outras indicações físicas brochado
Dimensões 20 cm
606 ## - Nome comum usado como assunto
ID Autoridade 16666
Palavra de ordem Cinema. Filmes
675 ## - CDU
Notação 791
Edição PT
Língua por
710 ## - Autor principal (colectividade)
ID Autoridade 14383
Nome da entidade Cinemateca Portuguesa
801 ## - Fonte de origem
País PT
Agência BMMN
Regras de catalogação RPC
830 ## - Notas gerais do catalogador
Criado por Vanda
990 ## - Elementos KOHA
Tipo de documento Livro
Exemplares
Situação do levantamento Biblioteca de origem Código de barras Cota Permissão de empréstimo Tipo de documento Forma de aquisição
  Biblioteca Municipal de Montemor-o-Novo 30343 791 CIN|DEP   Livro Oferta

Powered by Koha